00819nam a2200229Ia 4500003000900000008004100009020001600050040001600066080001500082245013000097260002600227300001500253490002400268650004100292650002500333650001800358700003600376700003600412942000700448999001500455952011900470IN-BaIIA211028s9999 xx 000 0 eng d a471-79203-9 cIIA Library a533bADV-3 0aAdvances in plasma physicsbvol. 3cedited by Albert Simon and William B. Thompson  aNew YorkbWileyc1969 avii, 248p. aInterscience series aAstronomy and astrophysics thesaurus aPlasma physics93732 aPlasmas91898 aThompson, William B., ed.96305 aThompson, William B., ed.96305 cBK c3563d3563 00104070aBANbBANcGENd1970-07-28g107.64l0o533/ ADV-3p3978r2021-11-05v107.64w1970-07-28yBKGRs. 107.64